00795nam a2200193 b 450000500170000000800390001702000150005604000500007104100080012106000090012910000180013824500940015626000840025030000350033450400530036965000570042265000620047965000600054120180405183911.0140924s2002 xxua fr ||1 ||eng a0801867746 aCO-BoUCMbspacJose A. GerenadJose A. Gerena0 aeng aWZ 91 aTemkin, Owsei11a"On second thought" and other essays in the history of medicine and sciencecOwsei Temkin aBaltimore (Maryland, Estados Unidos) bThe Johns Hopkins University Pressc2002 ax, 272 páginabilustraciones aIncluye referencias bibliográficas e índices 7aHistoria de la medicina vEnsayos, conferencias, etc 7aCiencias naturales xHistoriavEnsayos, conferencias, etc 7aÉtica médica xHistoriavEnsayos, conferencias, etc